000 00739cam a22002413a 4500
001 8684
003 PGUSA
005 20140828083203.0
008 050801s2005||||xxu|||||s|||||000 1 eng d
040 _aPGUSA
_beng
042 _adc
050 4 _aPS
100 1 _aMoffett, Cleveland,
_d1863-1926
245 1 4 _aThe Conquest of America :
_bA Romance of Disaster and Victory, U.S.A., 1921 A.D.
_h[electronic resource] /
_cCleveland Moffett
260 _bProject Gutenberg,
_c2005
506 _aPublic domain in the USA.
516 _aElectronic text
653 _aImaginary wars and battles -- Fiction
653 _aScience fiction
830 0 _aProject Gutenberg
_v8684
856 4 0 _uhttp://www.gutenberg.org/ebooks/8684
942 _cEB
999 _c237984
_d237984